Nový segment pro reklamní aktivity

Čerpanie financií zo štrukturálnych fondov EÚ a z toho vyplývajúce povinnosti príjemcov. Nariadenie EK 1159/2000 a propagácia projektu. Štrukturálne fondy a formy reklamy. Nariadenie EK č.1145/2003 a uznateľné náklady na projekty.

Guardado en:
Detalles Bibliográficos
Autor principal: Švarcová, Jena
Formato: Capítulo de libro
Lenguaje:checo
Materias:
Etiquetas: Agregar Etiqueta
Sin Etiquetas, Sea el primero en etiquetar este registro!

MARC

LEADER 00000naa$a2200000$$$4500
001 0020105
005 20231018124118.2
041 0 |a cze 
044 |a CZ 
245 1 0 |a Nový segment pro reklamní aktivity  |c Jena Švarcová 
520 |a Čerpanie financií zo štrukturálnych fondov EÚ a z toho vyplývajúce povinnosti príjemcov. Nariadenie EK 1159/2000 a propagácia projektu. Štrukturálne fondy a formy reklamy. Nariadenie EK č.1145/2003 a uznateľné náklady na projekty. 
610 2 0 |a propagácia 
610 2 0 |a reklama 
610 2 0 |a fondy štruktúrne 
610 2 0 |a projekty 
610 2 0 |a Európska únia 
610 2 0 |a Česko 
610 2 0 |a náklady investičné 
100 1 |a Švarcová, Jena